[Event "Munich"]
[Site "Munich"]
[Date "1992.??.??"]
[Round "3"]
[White "Christiansen, Larry Mark"]
[Black "Jussupow, Artur"]
[Result "1/2-1/2"]
[WhiteElo "2595"]
[BlackElo "2655"]

1.e4 e6 2.d4 d5 3.Nd2 c5 4.Ngf3 Nc6 5.Bb5 cxd4 6.Nxd4 Bd7 7.Bxc6 bxc6 8.O-O Bd6
9.Qe2 Qb8 10.N4f3 Ne7 11.e5 Bc7 12.b3 Ng6 13.Re1 f6 14.Bb2 O-O 15.c4 Bb6
16.Rac1 Qe8 17.c5 Bc7 18.Nf1 Qf7 19.Qd2 a5 20.Bd4 Rab8 21.Rc3 Rb4 22.Rce3 Rxd4
23.Qxd4 fxe5 24.Rxe5 Nxe5 25.Nxe5 Bxe5 26.Rxe5 Qf4 27.Qb2 Qb4 28.Qc1 Qd4
29.Qe3 Qa1 30.Qe2 Bc8 31.Rg5 Ba6 32.Qxa6 Qf6 33.Qe2 Qxg5 34.Qxe6+ Kh8 35.g3 Qf5
36.Qe3 Rd8 37.Nd2 d4 38.Qe7 Rf8 39.f4 h6 40.Nf3 Qb1+ 41.Kg2 Qc2+ 42.Kh3 Qf5+
43.Kg2 d3 44.Kf2 Rf7 45.Qe5 Qd7 46.Qd6 Qxd6 47.cxd6 Rd7 48.Ne5 d2 49.Ke2 d1=Q+
50.Kxd1 Rxd6+ 51.Ke2 Kg8 52.a4 g5 53.Ke3 Kg7 54.Nc4 Rd5 55.Ne5 gxf4+ 56.Kxf4 Rd4+
57.Kf5 Rb4 58.Nxc6 Rxb3 59.Nxa5 Rb4 60.Nc6 Rxa4 61.Ne5 Ra5 62.g4 Ra3 63.h4 Rh3
64.h5 Rg3  1/2-1/2

[Event "Oviedo rapid45"]
[Site "Oviedo"]
[Date "1992.??.??"]
[Round "2"]
[White "Christiansen, Larry Mark"]
[Black "Mayer, Rene"]
[Result "1-0"]
[WhiteElo "2595"]
[BlackElo "2265"]

1.c4 e5 2.Nc3 Nf6 3.e3 d6 4.d4 Nc6 5.Nf3 Bg4 6.d5 Nb8 7.h3 Bh5 8.e4 Nbd7
9.Be3 a5 10.Bd3 Be7 11.g4 Bg6 12.Rg1 h6 13.Qe2 b6 14.Bc2 Nc5 15.Nd2 Nfd7
16.O-O-O Bg5 17.Nf3 Bxe3+ 18.Qxe3 Qf6 19.h4 O-O-O 20.h5 Bh7 21.g5 hxg5 22.Nxg5 Bg8
23.Rh1 Qe7 24.Rdg1 f6 25.Ne6 Bh7 26.Bd1 f5 27.Ng5 fxe4 28.Bc2 Nf6 29.Bb1 Bf5
30.Qe2 Rh6 31.Ngxe4 Ncxe4 32.Nxe4 Nxe4 33.Bxe4 Qf7 34.Rg5 Bxe4 35.Qxe4 Rd7
36.Qg4 Rf6 37.Rg1 Rf4 38.Qh3 Rxf2 39.b3 Qf3  1-0

[Event "Roquebrune"]
[Site "Roquebrune"]
[Date "1992.??.??"]
[Round "?"]
[White "Christiansen, Larry Mark"]
[Black "Karpov, Anatoly"]
[Result "1/2-1/2"]
[WhiteElo "2595"]
[BlackElo "2725"]

1.e4 c6 2.d4 d5 3.Nc3 dxe4 4.Nxe4 Nd7 5.Bd3 Ngf6 6.Ng5 e6 7.Ne2 Bd6 8.O-O h6
9.Nf3 Qc7 10.c4 b6 11.b3 Bb7 12.Bb2 c5 13.Ng3 O-O 14.Qe2 Rfe8 15.dxc5 Nxc5
16.Bxf6 gxf6 17.Nh5 Be5 18.Rae1 Red8 19.Nxe5 Qxe5 20.Qg4+ Qg5 21.Nxf6+ Kg7
22.Nh5+ Kf8 23.Qxg5 hxg5 24.Bb1 Rd2 25.f3 g4 26.Be4 Bxe4 27.fxe4 Rxa2 28.Nf6 g3
29.hxg3 Rd8 30.Rd1 Rxd1 31.Rxd1 Kg7 32.e5 Re2 33.Ng4 Re4 34.Nf2 Rxe5 35.b4 Na4
36.Rd7 a5 37.bxa5 bxa5 38.Nd3 Rg5 39.Kf2 Nc5 40.Nxc5 Rxc5 41.Ra7 Kg6 42.Ke3 e5
43.Kf3 f5 44.g4 f4 45.g3 fxg3 46.Kxg3 Kg5 47.Rg7+ Kf6 48.Ra7 Kg5 49.Rg7+ Kf6
50.Ra7 Ke6 51.Ra6+ Kf7 52.g5 e4 53.Kf4 Rxc4 54.Rxa5  1/2-1/2

[Event "Ter Apel"]
[Site "Ter Apel"]
[Date "1992.??.??"]
[Round "2"]
[White "Sosonko, Gennadi"]
[Black "Christiansen, Larry Mark"]
[Result "1/2-1/2"]
[WhiteElo "2530"]
[BlackElo "2595"]

1.d4 Nf6 2.Nf3 e6 3.g3 c5 4.Bg2 cxd4 5.Nxd4 a6 6.O-O Qc7 7.b3 d5 8.Bg5 Be7
9.c4 dxc4 10.Nd2 h6 11.Bxf6 Bxf6 12.Nxc4 O-O 13.Rc1 Rd8 14.e3 e5 15.Nd2 Qd7
16.Ne2 Nc6 17.Ne4 Qe7 18.Qe1 Bg4 19.h3 Bh5 20.g4 Bg6 21.N2g3 Nb4 22.Qe2 Rac8
23.a3 Nd5 24.b4 Bh4 25.Nf5 Bxf5 26.gxf5 Nf6 27.Nxf6+  1/2-1/2

[Event "Bundesliga 9293"]
[Site "Germany"]
[Date "1993.??.??"]
[Round "?"]
[White "Bangiev, Alexander"]
[Black "Christiansen, Larry Mark"]
[Result "1/2-1/2"]
[WhiteElo "2385"]
[BlackElo "2555"]

1.d4 d6 2.c4 e5 3.dxe5 dxe5 4.Qxd8+ Kxd8 5.Nc3 Be6 6.e3 c6 7.Nf3 f6 8.Be2 Nd7
9.O-O Nh6 10.Rd1 Kc7 11.Bd2 a5 12.Rac1 Nc5 13.Be1 Nf7 14.Nd2 Be7 15.Nde4 Nxe4
16.Nxe4 Rhd8 17.Rxd8 Nxd8 18.g4 Bb4 19.Nc3 Nf7 20.Kf1 b6 21.f3 Rd8 22.a3 Bc5
23.Bf2 Nd6 24.Na4 Nb7 25.Ke1 Be7 26.Rc2 Nc5 27.Nxc5 Bxc5 28.Rd2 Re8 29.e4 Bxf2+
30.Kxf2 a4 31.Ke3 Ra8 32.Kd3 h5 33.h3 Rd8+ 34.Kc3 Rh8 35.Bf1 c5 36.Kc2 Bd7
37.Kd3 Kd6 38.Ke3+ Ke7 39.Rc2 Be6 40.Rd2 Bf7 41.Rd1 Be6 42.Rd2 g5 43.Kf2 Bd7
44.gxh5 Rxh5 45.Kg3 Rh8 46.Rh2 Rh4 47.Bd3 Be6 48.Rh1 Bd7 49.Rh2 Kf7 50.Rh1 Kg6
51.Rh2 Be6 52.Bc2 Bxc4 53.Bxa4 Be6 54.Bc2 c4 55.Ba4 Kf7 56.Bb5 Ke7 57.Rc2 Rxh3+
58.Kg2 g4 59.fxg4 Rb3 60.Bxc4 Bxc4 61.Rxc4 Rxb2+ 62.Kg3 Rb3+ 63.Kh4 Rxa3
64.Rb4 Ra6 65.g5 Ra1  1/2-1/2

[Event "GER CupT"]
[Site "Germany"]
[Date "1993.??.??"]
[Round "?"]
[White "Jussupow, Artur"]
[Black "Christiansen, Larry Mark"]
[Result "1-0"]
[WhiteElo "2645"]
[BlackElo "2620"]

1.d4 Nf6 2.c4 d6 3.Nc3 Nbd7 4.Nf3 c6 5.e4 e5 6.Be2 Be7 7.O-O O-O 8.Qc2 a6
9.Rd1 Qc7 10.Bg5 Re8 11.Rac1 b6 12.Bh4 Bb7 13.c5 exd4 14.cxb6 Qxb6 15.Nxd4 Bf8
16.Nf5 d5 17.Bf3 g6 18.Ne3 Rac8 19.exd5 cxd5 20.Qb3 Qxb3 21.axb3 Bh6 22.Ncxd5 Rxc1
23.Nxf6+ Nxf6 24.Rxc1 Bxf3 25.Bxf6 Bxe3 26.fxe3 Be2 27.Kf2 Bb5 28.g4 h6 29.h4 Bd7
30.g5 h5 31.Rc7 Bb5 32.Be7 Bd3 33.Kf3 Bf5 34.e4 Be6 35.b4 Rc8 36.Rb7 Bc4
37.Kf4 Bb5 38.Ra7 Kg7 39.b3 Bf1 40.e5 Kg8 41.Ke4 Be2 42.Kd4 Bf1 43.Bd6 Bb5
44.Bc7 Kf8 45.Kc5 Ke7 46.Kd5 Bd7 47.Bd6+ Kd8 48.Bc5 Rc6 49.Ra8+ Kc7 50.Bd6+  1-0

[Event "Bundesliga 9293"]
[Site "Germany"]
[Date "1993.??.??"]
[Round "?"]
[White "Wahls, Matthias"]
[Black "Christiansen, Larry Mark"]
[Result "1/2-1/2"]
[WhiteElo "2540"]
[BlackElo "2625"]

1.e4 c5 2.Nf3 e6 3.c3 d5 4.exd5 exd5 5.d4 Nc6 6.Bb5 Bd6 7.O-O Ne7 8.dxc5 Bxc5
9.Nbd2 O-O 10.Nb3 Bb6 11.Nbd4 Bg4 12.Qa4 Bd7 13.Be3 Rc8 14.Rfe1 Ng6 15.Nb3 Re8
16.Bxb6 Qxb6 17.Rad1 Rxe1+ 18.Rxe1 h6 19.Rd1 Be6 20.Bd3 Nf8 21.Rd2 Nd7 22.Qf4 Nf6
23.Nfd4 Bd7 24.Re2 Bg4 25.Re3 Nxd4 26.Qxd4 Qxd4 27.Nxd4 Kf8 28.f3 Bd7 29.Re1 Ne8
30.Kf2 Nc7 31.Bc2 Ne6 32.Rd1 Nc5 33.Ne2 Ba4 34.b3 Bc6 35.Rd2 Ke7 36.b4 Ne6
37.Bb3 Bb5 38.Bxd5 Rd8 39.Ng3 Nf4 40.Nf5+ Kf6 41.Ne3 Nd3+ 42.Kg3 Ne5 43.Rd4 b6
44.c4 Be8 45.f4 Nc6 46.Ng4+ Ke7 47.Re4+ Kd6 48.Bxc6 Kxc6 49.Re7 a5 50.a3 axb4
51.axb4 Ra8 52.Ne5+ Kd6 53.Rb7 Ra3+ 54.Kf2 Ra2+ 55.Kf3 b5 56.c5+ Ke6 57.Rb8 Ke7
58.Rb7+ Ke6 59.Ke4 Rxg2 60.Rb8 Ke7 61.Rb7+ Ke6 62.c6 Kd6 63.Kd3 f6 64.c7 Bd7
65.Nf7+ Kc6 66.Nd8+ Kd6 67.Nf7+ Kc6 68.Nd8+  1/2-1/2

[Event "Wch Team"]
[Site "Luzern"]
[Date "1993.??.??"]
[Round "7"]
[White "Christiansen, Larry Mark"]
[Black "Franzoni, Giancarlo"]
[Result "1-0"]
[WhiteElo "2555"]
[BlackElo "2440"]

1.d4 d5 2.c4 c6 3.Nf3 Nf6 4.Nc3 dxc4 5.a4 Bf5 6.e3 e6 7.Bxc4 Bb4 8.O-O Nbd7
9.Qe2 Bg6 10.e4 Bxc3 11.bxc3 Nxe4 12.Ba3 Qc7 13.Rfc1 O-O-O 14.Qe3 Rhe8 15.Bf1 e5
16.Re1 exd4 17.cxd4 Nef6 18.Qd2 Rxe1 19.Rxe1 Re8 20.Rc1 Be4 21.Ne1 Kb8 22.f3 Bg6
23.Nd3 Nd5 24.Nb4 Nxb4 25.Bxb4 Nf6 26.Re1 Rxe1 27.Qxe1 Bf5 28.Bf8 g6 29.a5 Be6
30.a6 Nd7 31.Bh6 bxa6 32.Bxa6 Qb6 33.Bf4+ Ka8 34.Qa1 Nb8 35.Bf1 c5 36.Be3 cxd4
37.Bxd4 Qb7 38.Bd3 Bd5 39.Qa3 h5 40.h3 Qc7 41.Bf2 Qb7 42.Qa5 Qd7 43.Qc5 Qb7
44.Qf8 Qc7 45.Qa3 Nd7 46.Ba6 Nb8 47.Bb5 Qb7 48.Kh2 a6 49.Bd3 Bc4 50.Bc2 Bd5
51.Qc5 Qd7 52.Bg3 Qb7 53.Qd6 Bc6 54.Qd8 Ka7 55.Bd3 Qb3 56.Bc4 Qb7 57.Bxf7 h4
58.Bf2+ Ka8 59.Bxg6 Qg7 60.Qd6 Qb2 61.Qc5 Qg7 62.Bd3 Qc7+ 63.Kg1 Qd7 64.Bf5 Qg7
65.Bg4 Qh7 66.Qg5 Bd7 67.Qd5+ Bc6 68.Qd8  1-0

[Event "Wch Team"]
[Site "Luzern"]
[Date "1993.??.??"]
[Round "8"]
[White "Li Wenliang"]
[Black "Christiansen, Larry Mark"]
[Result "0-1"]
[WhiteElo "2330"]
[BlackElo "2555"]

1.d4 Nf6 2.c4 e6 3.Nc3 Bb4 4.Qc2 O-O 5.a3 Bxc3+ 6.Qxc3 b6 7.Bg5 c5 8.dxc5 bxc5
9.e3 Nc6 10.Nh3 h6 11.Bh4 g5 12.Bg3 Ne4 13.Qc2 Qa5+ 14.Ke2 f5 15.f3 Nxg3+
16.hxg3 Rb8 17.Nf2 Ba6 18.Nd1 Rf6 19.Kf2 Ne5 20.Be2 d5 21.b3 d4 22.f4 Nf7
23.Kg1 Rd8 24.Ra2 Bb7 25.Kh2 Qc7 26.Rf1 dxe3 27.Nxe3 Rd4 28.Kg1 gxf4 29.gxf4 Rxf4
30.Qc3 Rd4 31.Bf3 Bxf3 32.gxf3 Rg6+ 33.Rg2 Ng5 34.Qe1 Qf4 35.Qe2 Qh4 36.Re1 Nxf3+
37.Kf1 Qh1+ 38.Kf2 Qh4+ 39.Kf1 Qh3 40.Kf2 Rxg2+ 41.Nxg2 Rd2  0-1

[Event "Wch Team"]
[Site "Luzern"]
[Date "1993.??.??"]
[Round "9"]
[White "Christiansen, Larry Mark"]
[Black "Thorsteins, Karl"]
[Result "1/2-1/2"]
[WhiteElo "2555"]
[BlackElo "2495"]

1.d4 d5 2.c4 c6 3.Nc3 Nf6 4.Nf3 dxc4 5.a4 Bf5 6.e3 e6 7.Bxc4 Bb4 8.O-O Nbd7
9.Qe2 Bg6 10.e4 Bxc3 11.bxc3 Nxe4 12.Ba3 Qc7 13.Nd2 Nxd2 14.Qxd2 c5 15.dxc5 O-O-O
16.Qe3 Ne5 17.Bb5 Rd5 18.Rfd1  1/2-1/2

[Event "Amber-blind 2nd"]
[Site "Monte Carlo"]
[Date "1993.??.??"]
[Round "2"]
[White "Karpov, Anatoly"]
[Black "Christiansen, Larry Mark"]
[Result "1-0"]
[WhiteElo "2725"]
[BlackElo "2620"]

1.d4 Nf6 2.c4 d6 3.Nc3 Nbd7 4.e4 e5 5.Nf3 Be7 6.Be2 O-O 7.O-O c6 8.Rb1 a6
9.d5 cxd5 10.cxd5 b5 11.a3 Nb6 12.b3 Bd7 13.Bd2 Qb8 14.Bd3 Rc8 15.Qe2 Bg4
16.h3 Bh5 17.Qe3 Bd8 18.Ne2 Nbd7 19.Ng3 Bb6 20.Qe2 Bg6 21.b4 Ra7 22.Ra1 Nh5
23.Nxh5 Bxh5 24.g4 Bg6 25.a4 Nf8 26.axb5 axb5 27.Bxb5 Rc2 28.Qd3 Rca2 29.Rxa2 Rxa2
30.Bc4 Ra7 31.Kg2 h5 32.Nh4 hxg4 33.hxg4 Qc8 34.Nf5 Bxf5 35.gxf5 f6 36.Rc1 g6
37.Bb5 Qd8 38.Qf3 Ra2 39.Be1 g5 40.Bc4 Rb2 41.Ba6 Qa8 42.Bc8 Qa2 43.Be6+ Kg7
44.Rc6 Bd4 45.Rc7+  1-0

[Event "Amber-rapid 2nd"]
[Site "Monte Carlo"]
[Date "1993.??.??"]
[Round "2"]
[White "Christiansen, Larry Mark"]
[Black "Karpov, Anatoly"]
[Result "0-1"]
[WhiteElo "2620"]
[BlackElo "2725"]

1.e4 e6 2.d4 d5 3.Nc3 dxe4 4.Nxe4 Bd7 5.Nf3 Bc6 6.Bd3 Nd7 7.O-O Ngf6 8.Ng3 Be7
9.c4 Bxf3 10.Qxf3 c6 11.Bd2 Qb6 12.Bc3 Bb4 13.Rfe1 O-O 14.Ne4 Bxc3 15.bxc3 Qc7
16.Nxf6+ Nxf6 17.Re5 Rad8 18.Rae1 b6 19.Qh3 g6 20.Qh4 Kg7 21.R1e3 c5 22.Rf3 Ng8
23.Rh3 h6 24.Rg3 cxd4 25.cxd4 Rd6 26.Qe4 Rfd8 27.d5 exd5 28.cxd5 Qc1+ 29.Bf1 Nf6
30.Qc4 Qxc4 31.Bxc4 Rc8 32.Bf1 Rxd5 33.Rxd5 Nxd5 34.Rd3 Rc5 35.g3 b5 36.a3 a5
37.h4 b4 38.axb4 axb4 39.Rb3 Rc3 40.Rb2 b3 41.Bb5 Nb6 42.Kf1 Kf6 43.Ke2 Ke5
44.Rd2 g5 45.hxg5 hxg5 46.Bd3 Nc4 47.Bxc4 Rxc4 48.Rd7 Rb4 49.f4+ Ke4 50.Rd1 b2
51.Rb1 g4 52.f5 Kxf5 53.Kd3 Rb7 54.Kd4 Kg5 55.Ke5 f5 56.Kd5 f4 57.gxf4+ Kxf4  0-1

[Event "Amber-rapid 2nd"]
[Site "Monte Carlo"]
[Date "1993.??.??"]
[Round "7"]
[White "Christiansen, Larry Mark"]
[Black "Ljubojevic, Ljubomir"]
[Result "1/2-1/2"]
[WhiteElo "2620"]
[BlackElo "2605"]

1.d4 Nf6 2.c4 e6 3.Nc3 Bb4 4.Qb3 c5 5.dxc5 Qa5 6.Bd2 Qxc5 7.Nf3 Nc6 8.e3 O-O
9.Be2 d5 10.cxd5 exd5 11.O-O Be6 12.Na4 Qe7 13.Bxb4 Nxb4 14.Nd4 Ne4 15.Rad1 Rac8
16.Qa3 Rfe8 17.Bf3 Ng5 18.Nc3 Nxf3+ 19.Nxf3 a6 20.Nd4 Rc4 21.Qa5 Qg5 22.Ne4 Qg6
23.Ng3 Bd7 24.b3 b6 25.Qa3 Rxd4 26.exd4 a5 27.Qb2 h5 28.a3 Nd3 29.Qd2 Bb5
30.a4 Ba6 31.h4 f6 32.Rfe1 Nxe1 33.Rxe1 Bc8 34.Rxe8+ Qxe8 35.Qf4 Bg4 36.Kh2 Bd1
37.Qc7 Bxb3 38.Qxb6 Bxa4 39.Qxa5 Bb5 40.Qc7 Bd3 41.Qd6 Qf7 42.Qf4 Kh7 43.Qe3 Bg6
44.Ne2 Qc7+ 45.Nf4 Bf7 46.Qd3+ Kg8 47.Qg3 Qc4 48.Qe3 Qc7 49.Kg1 Qd7 50.f3  1/2-1/2

[Event "Amber-blind 2nd"]
[Site "Monte Carlo"]
[Date "1993.??.??"]
[Round "8"]
[White "Christiansen, Larry Mark"]
[Black "Short, Nigel D"]
[Result "1/2-1/2"]
[WhiteElo "2620"]
[BlackElo "2655"]

1.Nf3 d5 2.d4 Nc6 3.c4 Bg4 4.cxd5 Bxf3 5.gxf3 Qxd5 6.e3 O-O-O 7.Nc3 Qh5 8.Bd2 Nf6
9.f4 Qxd1+ 10.Rxd1 e6 11.Bg2 Ne7 12.Ne4 Nxe4 13.Bxe4 g6 14.Rc1 Nd5 15.Ke2 Be7
16.Rc4 Kb8 17.b3 c6 18.a4 h6 19.h3 a6 20.Ra1 f5 21.Bg2 g5 22.fxg5 hxg5 23.b4 Rd7
24.b5 cxb5 25.axb5 axb5 26.Rc2 b4 27.Rca2 Rhd8 28.Ra5 Kc7 29.R5a4 e5 30.Rc1+ Kb8
31.Bxd5 Rxd5 32.Bxb4 Bxb4 33.Rxb4 exd4 34.exd4 Rxd4 35.Rxd4 Rxd4 36.Rg1 g4
37.h4 Re4+ 38.Kf1 Kc7 39.h5 Re6 40.Rh1 Rh6 41.f3 gxf3 42.Kf2 Kd6 43.Kxf3 Ke5
44.Rb1 Rxh5 45.Rb5+ Kf6  1/2-1/2

[Event "Amber-rapid 2nd"]
[Site "Monte Carlo"]
[Date "1993.??.??"]
[Round "8"]
[White "Short, Nigel D"]
[Black "Christiansen, Larry Mark"]
[Result "0-1"]
[WhiteElo "2655"]
[BlackElo "2620"]

1.e4 c5 2.Nf3 Nc6 3.d4 cxd4 4.Nxd4 g6 5.Nc3 Bg7 6.Be3 Nf6 7.Be2 O-O 8.O-O d5
9.exd5 Nxd5 10.Nxd5 Qxd5 11.Bf3 Qc4 12.Nxc6 bxc6 13.c3 Be6 14.Re1 Rfd8 15.Qe2 Qxe2
16.Rxe2 Bd5 17.Rc1 a5 18.c4 Bxc4 19.Rec2 Bd5 20.b3 e5 21.Bg5 f6 22.Be3 Bf8
23.h3 a4 24.Be2 f5 25.Bg5 axb3 26.axb3 Rd7 27.Rxc6 Bxc6 28.Rxc6 h6 29.Bc4+ Kh7
30.Be3 f4 31.Bb6 Ra1+ 32.Kh2 Rdd1 33.g4 e4 34.Bf1 Ra8 35.g5 hxg5  0-1

[Event "Amber-rapid 2nd"]
[Site "Monte Carlo"]
[Date "1993.??.??"]
[Round "9"]
[White "Christiansen, Larry Mark"]
[Black "Polugaevsky, Lev"]
[Result "1/2-1/2"]
[WhiteElo "2620"]
[BlackElo "2635"]

1.e4 c5 2.Nc3 e6 3.Nf3 a6 4.g3 b5 5.Bg2 Bb7 6.O-O b4 7.Na4 Bxe4 8.d4 cxd4
9.Re1 d5 10.Ne5 Bxg2 11.Kxg2 Nf6 12.Qxd4 Bd6 13.Bg5 O-O 14.f4 a5 15.c4 bxc3
16.bxc3 Be7 17.Rab1 Qc7 18.f5 Ra6 19.Bf4 Nh5 20.Ng6 Nxf4+ 21.Nxf4 Bf6 22.Qd3 Qc4
23.Qxc4 dxc4 24.fxe6 fxe6 25.Nxe6 Rc8 26.Nf4 Nd7 27.Rb7 Rd6 28.Nh5 Bd8 29.Re8+ Kf7
30.Re2 Rc7 31.Rb5 Nf6 32.Nf4 Re7 33.Rf2 Ke8 34.Nb2 Ne4 35.Rc2 Rc6 36.Rb8 Kd7
37.a4 Bc7 38.Rf8 Be5 39.Nd5 Re8 40.Rf3 Ke6 41.Nf4+ Bxf4 42.Rxf4 Kd5 43.Nd1 Nd6
44.Rd2+ Kc5 45.Rfd4 Re5 46.Nf2 Re6 47.Rd5+ Kb6 48.Rb2+ Ka6 49.h4 Rb6 50.Rbd2 g6
51.Rc5 Re3 52.Rc7 Nf5 53.Rdd7 Rxg3+ 54.Kh2 Rb8 55.Rc6+ Rb6 56.Rcc7 Rb8 57.Rc6+ Rb6
58.Rcc7 Rb8  1/2-1/2

[Event "Biel op"]
[Site "Biel"]
[Date "1994.??.??"]
[Round "2"]
[White "Franzoni, Giancarlo"]
[Black "Christiansen, Larry Mark"]
[Result "1/2-1/2"]
[WhiteElo "2435"]
[BlackElo "2575"]

1.e4 c5 2.Nc3 e6 3.Nge2 Nc6 4.g3 d5 5.exd5 exd5 6.Bg2 d4 7.Nd5 Bd6 8.d3 Nge7
9.Nxe7 Nxe7 10.Nf4 O-O 11.O-O Bf5 12.Bxb7 Rb8 13.Bg2 Bxf4 14.Bxf4 Rxb2 15.Qc1 Rb6
16.Qa3 Qd7 17.Rfb1 Ng6 18.Bd2 Bh3 19.Bh1 Rfb8 20.Rxb6 axb6 21.Qa6 h6 22.Rb1 Kh7
23.a4 Re8 24.Qb7 Re2 25.Qxd7 Bxd7 26.a5 bxa5 27.Bxa5 Rxc2 28.Bf3 Bh3 29.Bc7 f5
30.Bd5 Nf8 31.Bd6 Nd7 32.Bg2 Bxg2 33.Kxg2 Nf6 34.h3 c4 35.Be5 cxd3 36.Bxd4 d2
37.Bxf6 Rc1 38.Rb7 Kg6 39.Be5 d1=Q 40.Rxg7+ Kh5 41.g4+ fxg4 42.hxg4+ Qxg4+
43.Rxg4 Kxg4 44.Bd4 Rc6 45.Ba7 Rg6 46.Be3 Rg8 47.Bb6 Kf4+ 48.Kh2 Kf3 49.Be3 Rg2+
50.Kh1 Rg4 51.Kh2 Rh4+ 52.Kg1 Rh5 53.Bb6 Rg5+ 54.Kh2 Rg6 55.Be3 Ke2 56.Kh3 Rg1
57.Kh2 Rg4 58.Kh3 h5 59.Bb6 Rg1 60.Kh2 Rb1 61.Be3 Kf3 62.Bc5 Rb7 63.Be3 Rg7
64.Bc5 Ke2 65.Be3 Kf1 66.Bb6 Rg2+ 67.Kh3 Kg1 68.f4+ Kh1 69.Kh4 Rh2+ 70.Kg5 h4
71.f5 h3 72.f6 Rc2 73.f7 Rc8 74.Bc7 Kg2 75.Kf6  1/2-1/2

[Event "Biel op"]
[Site "Biel"]
[Date "1994.??.??"]
[Round "7"]
[White "Christiansen, Larry Mark"]
[Black "Kelecevic, Nedeljko"]
[Result "1/2-1/2"]
[WhiteElo "2575"]
[BlackElo "2460"]

1.c4 e6 2.Nc3 d5 3.d4 Nf6 4.cxd5 exd5 5.Bg5 c6 6.e3 Qb6 7.Bd3 Qxb2 8.Nge2 Nbd7
9.Rb1 Qa3 10.O-O Be7 11.Qc2 Qa5 12.Ng3 Ng8 13.Bxe7 Nxe7 14.e4 dxe4 15.Ncxe4 O-O
16.Nd6 Nf6 17.Nxc8 Nxc8 18.Rxb7 Nd6 19.Re7 Rad8 20.h3 Qb6 21.Rd1 g6 22.Be2 Nb5
23.Bxb5 cxb5 24.Qb2 b4 25.Re5 Rd6 26.Qd2 Rfd8 27.Rde1 Rxd4 28.Qg5 h6 29.Qxh6 Rd1
30.Qf4 Rxe1+ 31.Rxe1 Qd6 32.Qg5 Re8 33.Rxe8+ Nxe8 34.Qe3 Qd1+ 35.Kh2 Qd7
36.Qc5 Qb7 37.Qe5 Kf8 38.Kg1 Qc7 39.Qh8+ Ke7 40.Qh4+ Ke6 41.Qg4+ Kf6 42.Qxb4 Qc1+
43.Kh2 Qc7 44.Qb2+ Ke7 45.Qa3+ Ke6 46.Qe3+ Kd7 47.Qd4+ Ke7 48.Kg1 Qa5 49.a4 Nd6
50.Kh2 Qc7 51.Qe5+ Kd7 52.Qd4 Ke7 53.f4 f6 54.Ne2 Nf5 55.Qe4+ Kf7 56.Qd5+ Kg7
57.Qe4 Kf7 58.g4 Ne7 59.Kg2 a5 60.Ng3 Qd6 61.Qc4+ Kf8 62.Ne2 Qd2 63.Kf2 Nd5
64.Qc5+ Kf7 65.Qa7+ Kf8 66.Qb8+ Kf7 67.Qb3 g5 68.Qb7+ Kf8 69.Qc8+ Ke7 70.Qc5+ Kd7
71.f5 Nf4 72.Qd4+ Qxd4+ 73.Nxd4 Nd3+ 74.Ke3 Nc5 75.Kf3 Kd6 76.Kg3 Kd5 77.Nb5 Nxa4
78.h4 gxh4+ 79.Kxh4 Kc5 80.Na3 Nc3 81.g5 fxg5+ 82.Kxg5 Nd5  1/2-1/2

[Event "Biel op"]
[Site "Biel"]
[Date "1994.??.??"]
[Round "8"]
[White "Milov, Leonid"]
[Black "Christiansen, Larry Mark"]
[Result "1-0"]
[WhiteElo "2520"]
[BlackElo "2575"]

1.e4 g6 2.d4 Bg7 3.c3 d6 4.f4 Nf6 5.Bd3 e5 6.Nf3 exd4 7.cxd4 O-O 8.Nc3 Nc6
9.O-O Bg4 10.Be3 Nd7 11.Be2 Nb6 12.h3 Bxf3 13.Rxf3 Qf6 14.e5 Qe7 15.Qb3 dxe5
16.fxe5 Rad8 17.Rd1 Qb4 18.Qxb4 Nxb4 19.Bg5 Rde8 20.Ne4 N6d5 21.Bb5 c6 22.Bd3 h6
23.Bh4 g5 24.Bg3 Rd8 25.Nc5 Nf4 26.Bxf4 gxf4 27.Nxb7 Rb8 28.Na5 Nd5 29.Rd2 Rfc8
30.Bc4 h5 31.a3 Bh6 32.Nxc6 Rxc6 33.Bxd5 Rc1+ 34.Kf2 Rb1 35.b3 Kf8 36.Bc4 Ke7
37.Rfd3 f6 38.Rd1 Rb2+ 39.Kf3 Rd8 40.Re1 Bg5 41.exf6+ Kxf6 42.Re6+ Kf5 43.Ra6 Bh4
44.Be6+ Kg5 45.Ra5+ Kf6 46.Rxh5 Rf2+ 47.Kg4 Kxe6 48.d5+ Kd6 49.Rh6+ Kc5 50.Kxh4 Rxg2
51.d6 Rg7 52.Rh5+ Kc6 53.Rg5 Rh8+ 54.Kg4 Rgh7 55.d7 Rh4+ 56.Kf5 Rd8 57.Rg4 Rh7
58.Rxf4 Rhxd7 59.Rc4+ Kb5 60.Rxd7 Rxd7 61.h4 Rd6 62.Ke5 Rd3 63.a4+ Ka5  1-0

[Event "Biel op"]
[Site "Biel"]
[Date "1994.??.??"]
[Round "9"]
[White "Christiansen, Larry Mark"]
[Black "Arnold, Lothar"]
[Result "1-0"]
[WhiteElo "2575"]
[BlackElo "2350"]

1.c4 e5 2.Nc3 Nf6 3.Nf3 Nc6 4.g3 Bb4 5.Bg2 O-O 6.O-O Bxc3 7.bxc3 Re8 8.d3 e4
9.Nd4 exd3 10.exd3 h6 11.Be3 Ne5 12.h3 c5 13.Nf3 Nxf3+ 14.Qxf3 d6 15.Rfe1 Rb8
16.Bf4 Rxe1+ 17.Rxe1 Be6 18.g4 Ne8 19.Qg3 Qd7 20.g5 hxg5 21.Bxg5 b5 22.cxb5 Rxb5
23.c4 Rb2 24.h4 Rxa2 25.h5 a5 26.h6 g6 27.Rb1 a4 28.h7+ Kxh7 29.Qh4+ Kg8
30.Rb8 Bg4 31.Bf6 Bh5 32.Bh3  1-0

[Event "Biel op"]
[Site "Biel"]
[Date "1994.??.??"]
[Round "10"]
[White "Siegel, Georg"]
[Black "Christiansen, Larry Mark"]
[Result "0-1"]
[WhiteElo "2385"]
[BlackElo "2575"]

1.c4 e5 2.Nc3 Bb4 3.Nd5 Be7 4.d4 d6 5.Nf3 Nd7 6.e3 Ngf6 7.Nxe7 Qxe7 8.Be2 e4
9.Nd2 Nf8 10.b3 Ng6 11.Bb2 a5 12.Qc2 O-O 13.h3 a4 14.d5 Re8 15.Bd4 c5 16.dxc6 bxc6
17.b4 c5 18.bxc5 dxc5 19.Bc3 Bb7 20.O-O Bc6 21.Rfd1 a3 22.Rab1 Nd7 23.Ba1 Qg5
24.Qc3 Nh4 25.g3 Ne5 26.Rb6 Rad8 27.Kf1 Nhf3 28.Kg2 Bd7 29.Bxf3 exf3+ 30.Nxf3 Bxh3+  0-1

[Event "Biel op"]
[Site "Biel"]
[Date "1994.??.??"]
[Round "11"]
[White "Christiansen, Larry Mark"]
[Black "Savchenko, Stanislav"]
[Result "0-1"]
[WhiteElo "2575"]
[BlackElo "2570"]

1.e4 c5 2.c3 d5 3.exd5 Qxd5 4.Nf3 Nf6 5.d4 Nc6 6.Be2 cxd4 7.cxd4 e6 8.Nc3 Qd6
9.O-O Be7 10.Qc2 O-O 11.Rd1 Nb4 12.Qb3 b6 13.Ne5 Bb7 14.a3 Nbd5 15.Nb5 Qd8
16.Qh3 a6 17.Nc3 Rc8 18.Bd2 b5 19.Bd3 g6 20.Re1 Nh5 21.Be4 Bg5 22.Bxd5 Bxd5
23.Bxg5 Qxg5 24.Nxd5 exd5 25.Qf3 Nf6 26.Qd3 Ne4 27.f3 Nd6 28.g3 Rfe8 29.Rad1 Kg7
30.Kg2 Qf5 31.Qxf5 Nxf5 32.g4 Rc2+ 33.Kh3 Nd6 34.b4 h5 35.g5 Nf5 36.Nd7 Rxe1
37.Rxe1 Nxd4 38.Rd1 Nxf3 39.Rxd5 Nxh2 40.Kg3 Nf1+ 41.Kf3 Rd2 42.Nf6 Rxd5
43.Nxd5 Nd2+ 44.Kf4 Nc4 45.Nc7 Nxa3 46.Nxa6 Nc2 47.Nc7 Nxb4 48.Nxb5 Nc6 49.Nc7 Nd4  0-1

[Event "GER CupT"]
[Site "Germany"]
[Date "1994.??.??"]
[Round "2"]
[White "Christiansen, Larry Mark"]
[Black "Borriss, Martin"]
[Result "1-0"]
[WhiteElo "2560"]
[BlackElo "2375"]

1.c4 g6 2.e4 Bg7 3.d4 d6 4.Nc3 Nf6 5.f3 O-O 6.Be3 a6 7.Bd3 Nbd7 8.Nge2 c5
9.O-O cxd4 10.Bxd4 Ne5 11.Rb1 Be6 12.b3 Qa5 13.Kh1 Rfc8 14.a4 Bd7 15.Bc2 Qd8
16.Qd2 Nc6 17.Be3 Rab8 18.Rbd1 Nb4 19.Bb1 b5 20.axb5 axb5 21.c5 Be6 22.Qb2 Nd7
23.cxd6 exd6 24.Bd4 Bh6 25.f4 Nc5 26.f5 Bd7 27.fxg6 hxg6 28.e5 d5 29.Bxc5 Rxc5
30.Qa3 Rxc3 31.Nxc3 Bf8 32.Qa7 Be6 33.Ne4 dxe4 34.Rxd8 Rxd8 35.Bxe4 Bxb3
36.Qb6 Re8 37.Bxg6 Bc4 38.Qf6 Re7 39.Rf3 Bd5 40.Bh7+  1-0

[Event "PCA-op"]
[Site "New York"]
[Date "1994.??.??"]
[Round "4"]
[White "Christiansen, Larry Mark"]
[Black "Leko, Peter"]
[Result "1-0"]
[WhiteElo "2575"]
[BlackElo "2555"]

1.c4 c5 2.g3 g6 3.Nf3 Bg7 4.d4 cxd4 5.Nxd4 Nc6 6.Nc2 Qa5+ 7.Nd2 Nf6 8.Bg2 O-O
9.O-O Qh5 10.e3 Qxd1 11.Rxd1 b6 12.b3 Bb7 13.Bb2 Rac8 14.Rac1 Rfd8 15.h3 Na5
16.Nb4 Bxg2 17.Kxg2 Nc6 18.Ba3 Nxb4 19.Bxb4 d6 20.f4 Rd7 21.g4 Rdc7 22.a4 Nd7
23.Kf3 Nc5 24.Rb1 f5 25.gxf5 gxf5 26.Nf1 Ne4 27.Ng3 Nxg3 28.Kxg3 Kf7 29.Kf3 Rg8
30.Rd5 Ke6 31.Rg1 Rcc8 32.Rg5 Rcf8 33.a5 bxa5 34.Rxa5 Rb8 35.Rb5 Rxb5 36.cxb5 h6
37.Rg2 Kf7 38.Ra2 Rb8 39.Rxa7 Rxb5 40.Bxd6 Rxb3 41.Rxe7+ Kg6 42.Bc5 Bf6 43.Re6 Kf7
44.Ra6 Rb5 45.Rc6 Rb3 46.Bb6 Ra3 47.Rc2 Rb3 48.Ba5 Bd4 49.Bd2 Bf6 50.Rc4 Ra3
51.Bb4 Rb3 52.Rc7+ Kg6 53.Rc4 Kf7 54.Bd6 Ke6 55.Bf8 h5 56.Bh6 Kf7 57.Bg5 Bg7
58.Rc7+ Kg6 59.Rc6+ Kf7 60.Rd6 Ra3 61.Bd8 Ra2 62.Rd3 Ke6 63.Bb6 Bf6 64.Bc5 Kf7
65.e4 fxe4+ 66.Kxe4 Kg6 67.Rd6 Kf7 68.Kf5 Bh4 69.Rd7+ Ke8 70.Rd5 Kf7 71.Bd6 Ra7
72.Be5 Be7 73.Rd2 Ra3 74.Rd7 Ke8 75.Rb7 Ra6 76.Rb8+ Kf7 77.Rh8 h4 78.Rh7+ Kf8
79.Rh5 Ra3 80.Rh8+ Kf7 81.Rh7+ Kf8 82.Bf6 Bxf6 83.Kxf6 Kg8 84.Rxh4 Ra6+ 85.Kg5 Kg7
86.Rg4 Ra1 87.f5 Rf1 88.h4 Kf7 89.h5 Kg7 90.h6+ Kf7 91.Rh4 Rg1+ 92.Kh5 Rf1
93.h7 Kg7 94.Kg5 Kh8 95.Kf6 Ra1 96.Ke5 Ra6 97.Rh1 Ra5+ 98.Kf4 Ra4+ 99.Kg5 Ra8
100.Rb1 Kxh7 101.Rb7+ Kg8 102.Kg6 Ra6+ 103.f6  1-0

[Event "Tilburg rapid20"]
[Site "Tilburg"]
[Date "1994.??.??"]
[Round "1"]
[White "Christiansen, Larry Mark"]
[Black "Kovalev, Andrei"]
[Result "1-0"]
[WhiteElo "2575"]
[BlackElo "2525"]

1.d4 Nf6 2.c4 d6 3.Nc3 Nbd7 4.e4 e5 5.Nge2 g6 6.f3 Bg7 7.Bg5 O-O 8.Qd2 c6
9.O-O-O Qa5 10.Kb1 b5 11.cxb5 cxb5 12.dxe5 dxe5 13.Nd5 Qxd2 14.Ne7+ Kh8 15.Rxd2 Bb7
16.Nc3 a6 17.Be2 Nc5 18.Ned5 Nxd5 19.exd5 f6 20.Be3 Rac8 21.Ne4 Nxe4 22.fxe4 Rfd8
23.Rf1 h5 24.h4 Rd6 25.Rc2 Rxc2 26.Kxc2 Bf8 27.Kb3 f5 28.Bc5 Rd8 29.Bxf8 Rxf8
30.Kb4 Rc8 31.exf5 Bxd5 32.fxg6 Rc2 33.Bxh5 Rxb2+ 34.Kc5 Bxa2 35.Bf3 Bb1
36.h5 e4 37.Bg4 Rxg2 38.h6 Rc2+ 39.Kb6 Ba2 40.Rf8+ Bg8 41.Be6  1-0